ABC of a medieval church / (Record no. 121475)

MARC details
000 -LEADER
fixed length control field 01026nam a22003251i 4500
001 - CONTROL NUMBER
control field 019110195
003 - CONTROL NUMBER IDENTIFIER
control field Uk
005 - DATE AND TIME OF LATEST TRANSACTION
control field 20230425151238.0
008 - FIXED-LENGTH DATA ELEMENTS--GENERAL INFORMATION
fixed length control field 230425s2018 enkaf 000|0|eng|d
015 ## - NATIONAL BIBLIOGRAPHY NUMBER
National bibliography number GBC2D3741
Source bnb
016 7# - NATIONAL BIBLIOGRAPHIC AGENCY CONTROL NUMBER
Record control number 019110195
Source Uk
020 ## - INTERNATIONAL STANDARD BOOK NUMBER
ISBN 9780956710253 (paperback) :
Terms of availability No price
040 ## - CATALOGING SOURCE
Original cataloging agency StDuBDS
041 ## - LANGUAGE CODE
Language code of text/sound track or separate title eng
042 ## - AUTHENTICATION CODE
Authentication code ukblsr
082 04 - DEWEY DECIMAL CLASSIFICATION NUMBER
Classification number 726.509410902
100 1# - MAIN ENTRY--PERSONAL NAME
Personal author Renshaw, Martin,
Relator term author.
245 10 - TITLE STATEMENT
Title ABC of a medieval church /
Statement of responsibility, etc Martin Renshaw.
264 #1 - PRODUCTION, PUBLICATION, DISTRIBUTION, MANUFACTURE, AND COPYRIGHT NOTICE
Place of production, publication, distribution, manufacture [Rothley] :
Name of producer, publisher, distributor, manufacturer At the Sign of the Pipe,
Date of production, publication, distribution, manufacture, or copyright notice 2018.
300 ## - PHYSICAL DESCRIPTION
Physical description 118 pages, 8 unnumbered pages of plates :
Other physical details illustrations (black and white, and colour) ;
Dimensions 21 cm
650 #0 - KEYWORDS
Keywords Church buildings
Geographic subdivision Great Britain
General subdivision History.
650 #0 - KEYWORDS
Keywords Architecture, Medieval
Geographic subdivision Great Britain.
651 ## - SUBJECT ADDED ENTRY--GEOGRAPHIC NAME
Geographic name United Kingdom
942 ## - ADDED ENTRY ELEMENTS (KOHA)
Suppress in OPAC Do not suppress in OPAC
336 ## - CONTENT TYPE
Content type term text
Source rdacontent
336 ## - CONTENT TYPE
Content type term still image
Source rdacontent
337 ## - MEDIA TYPE
Media type term unmediated
Source rdamedia
338 ## - CARRIER TYPE
Carrier type term volume
Source rdacarrier
Holdings
Lost status Damaged status Not for loan Home library Current library Shelving location Date acquired Total Checkouts Full call number Date last seen Price effective from Koha item type
      London London Books 25/04/2023   726.509410902 25/04/2023 25/04/2023 Book